| 000 | 00726nam a2200253 i 4500 | ||
|---|---|---|---|
| 001 | bgj | ||
| 100 | 1 | _aWIENER, Harvey S. | |
| 245 | 1 | 0 |
_aReading Skills Handbook / _cHarvey S. Wiener ; Charles Bazerman. |
| 250 | _a4th edition. | ||
| 260 |
_aBoston ; _aDallas : _bHoughton Mifflin, _cc. 1988. |
||
| 300 |
_aXIII, 510 pp : _bill. ; _c24 cm. |
||
| 505 | _aIncludes indexes. | ||
| 650 | 9 | _aReading (Higher education) | |
| 650 | 9 | _aCollege readers | |
| 650 | 9 | _aReading comprehension | |
| 650 | 9 | _aVocabulary | |
| 700 | 1 |
_aBAZERMAN, Charles. _eco-author |
|
| 020 | _a0395380138 (pbk) | ||
| 040 | _cBPK | ||
| 041 | 0 | _aeng | |
| 920 | _a0-395-38013-8 (pbk) | ||
| 942 | _cKS | ||
| 008 | s uk f |000 0 eng | ||
| 999 |
_c41324 _d41324 |
||
| 856 |
_uhttp://koha.tu.koszalin.pl/cgi-bin/koha/opac-detail.pl?biblionumber=41324 _yKatalog online BPK |
||